| 000 | 00556nam a2200157 a 4500 | ||
|---|---|---|---|
| 001 | 000038908 | ||
| 005 | 20201002031421.0 | ||
| 008 | 130502s1965 sp 000 0 spa d | ||
| 040 |
_aDO-SdBNP _bspa _cBNPHU |
||
| 100 | 1 |
_aAgel, Henry _965174 |
|
| 245 | 1 | 0 |
_aManual de iniciación cinematografíca : _bpara clases de bachillerato superior y curso preuniversitario / _cHenry Agel, Genevieve Agel. |
| 260 |
_aMadrid : _bEdiciones Rialp, _c1965. |
||
| 300 |
_a345 p. ; _c20 cm. |
||
| 500 | _aIncluye notas al pie de las páginas | ||
| 700 | 1 |
_aAgel,Genevieve _965175 |
|
| 999 |
_c38398 _d38398 |
||